000 00969nam a2200253 a 4500
999 _c8808
_d8808
001 8808
003 BD-JhCC
005 20180717083810.0
008 171022s2012 bg |||| ||a| 000 0 ben d
035 _a(BD-JhCC)8808
040 _aBD-JhCC
_dBD-JhCC
041 _aben
082 _a613.7071041
_bTAL 2012
100 _aতালুকদার, মোঃ রফিকুল ইসলাম
245 _aস্বাস্থ্য, ক্রীড়া ও শারীরিক শিক্ষা শিক্ষণ /
_cমোঃ রফিকুল ইসলাম তালুকদার; সেলিনা বেগম
260 _aঢকা :
_bস্মৃতি প্রকাশনী,
_c২০১২.
300 _a2018 p. :
_c22 cm.
650 _aEducation
650 _aPhysical education and training--Study and teaching
650 _aTanning
700 _aবেগম, সেলিনা
942 _2ddc
_cBK